|
|
|
|
| LEADER |
00000nkm a2200000 a 4500 |
| 001 |
vtls011981259 |
| 003 |
SK-MaSNL |
| 005 |
20260512123156.0 |
| 007 |
kp bo |
| 008 |
230706q1905 xo 0k|slo |
| 015 |
|
|
|a SNBG
|
| 035 |
|
|
|a urn:nbn:sk:snk-km00eicm
|
| 035 |
|
|
|a urn:nbn:sk:snk-km45x4i
|
| 035 |
|
|
|a 62A7606F-E828-4344-AF8A-F361FD0EABF8
|
| 040 |
|
|
|a SNK
|b slo
|c SNK
|e AACR2
|
| 041 |
0 |
|
|a slo
|
| 043 |
|
|
|a e-xo---
|
| 044 |
|
|
|a xo
|c SK
|
| 072 |
|
7 |
|a 908(437)
|x Vlastiveda Česka a Slovenska
|2 konspekt
|
| 080 |
|
|
|a 908(437.6)
|2 2011
|
| 080 |
|
|
|a (084.121)
|2 2011
|
| 080 |
|
|
|a 624.19:625.1
|2 2011
|
| 080 |
|
|
|a (234.372)
|2 2011
|
| 080 |
|
|
|a 556.53
|2 2011
|
| 100 |
1 |
|
|a Ruml, Václav,
|d zomrel 1929
|4 pht
|9 181640
|
| 245 |
1 |
0 |
|a [Strečniansky priesmyk - železničné koľaje s tunelom?]
|h grafika
|c V. Ruml, fotograf
|
| 260 |
|
|
|a Štub. Teplice
|b [V. Ruml?]
|c [medzi 1905 a 1929?]
|
| 300 |
|
|
|a 1 pohľadnica
|b čiernobiela
|c 9 x 14 cm
|
| 500 |
|
|
|a Názov vytvorený na základe vyobrazenia na pohľadnici
|
| 520 |
8 |
|
|a Zobrazenie: V bielom orámovaní pohľad na železničné koľaje smerujúce ku železničnému tunelu vpravo tečie rieka Váh
|
| 650 |
0 |
7 |
|a železničné tunely
|2 SNKPH
|9 85525
|
| 650 |
0 |
7 |
|a rieky
|2 SNKPH
|9 29644
|
| 651 |
|
7 |
|a Malá Fatra (Slovensko : pohorie)
|2 SNKPHgeo
|9 56372
|
| 651 |
|
7 |
|a Strečniansky priesmyk (Slovensko)
|2 SNKPHgeo
|9 52774
|
| 651 |
|
7 |
|a Váh (Slovensko : rieka)
|2 SNKPHgeo
|9 59387
|
| 655 |
|
7 |
|a geografické pohľadnice
|2 SNKPH
|9 70522
|
| 752 |
|
|
|a Slovensko
|d Turčianske Teplice
|
| 852 |
|
|
|a Slovenská národná knižnica
|
| 958 |
|
|
|a GC
|
| 958 |
|
|
|a ONDV
|
| 958 |
|
|
|a GBN
|
| 999 |
|
|
|c 694516
|d 696446
|
| 952 |
|
|
|a SNK
|b SNK
|y PREZ
|7 0
|p 17A1378536
|o snkSP 133724
|0 0
|1 0
|4 0
|d 2020-07-13
|f 1
|l 0
|r 2026-02-23 20:38:19
|w 2026-02-23
|